|
|
|
|
| LEADER |
00766nab a2200229 i 4500 |
| 001 |
publ27753 |
| 005 |
20230629120406.0 |
| 008 |
230629s2017 hu o 0|| Angol d |
| 022 |
|
|
|a 0301-0104
|
| 024 |
7 |
|
|a 10.1016/j.chemphys.2016.09.035
|2 doi
|
| 024 |
7 |
|
|a 3213636
|2 mtmt
|
| 040 |
|
|
|a SZTE Publicatio Repozitórium
|b hun
|
| 041 |
|
|
|a Angol
|
| 100 |
1 |
|
|a Csehi András
|
| 245 |
1 |
4 |
|a The role of quadratic frequency chirps in the photodissociation dynamics of D2+
|h [elektronikus dokumentum] /
|c Csehi András
|
| 260 |
|
|
|c 2017
|
| 300 |
|
|
|a 97-104
|
| 490 |
0 |
|
|a CHEMICAL PHYSICS
|v 487
|
| 650 |
|
4 |
|a Fizikai tudományok
|
| 700 |
0 |
1 |
|a Halász Gábor
|e aut
|
| 700 |
0 |
1 |
|a Vibók Ágnes
|e aut
|
| 856 |
4 |
0 |
|u http://publicatio.bibl.u-szeged.hu/27753/1/3213636.pdf
|z Dokumentum-elérés
|